000 00742nam a2200205Ia 4500
003 GCL
008 140319s9999 xx 000 0 ara d
020 _a5265314977
040 _aGCL /
_cGCL
082 0 4 _a411.5
_bح د
100 1 _aحسام البهنساوى
245 1 0 _aالدراسات الصوتية عند العلماء العرب والدرس الصوتى الحديث /
_cحسام البهنساوى
250 _aالاولى
260 _aالقاهرة :
_bمكتبة زهراء الشرق ،
_c2005
300 _a271 ص ؛
_c24 سم
650 0 4 _aاللغة العربية - النحو
650 0 4 _aاللغة العربية - النطق
650 0 4 _aالاصوات اللغوية العربية
942 _2ddc
_cBK
999 _c57129
_d57129